[Event "FB21 2223 SZ Seeblick Dippoldiswalde -"]
[Site "?"]
[Date "2022.10.15"]
[Round "1.1"]
[White "Zhou, Lepu Coco"]
[Black "Browning, Rebecca"]
[Result "1-0"]
[WhiteElo "1935"]
[BlackElo "1923"]
[PlyCount "119"]
[EventDate "2022.??.??"]

1. e4 e6 2. d4 d5 3. exd5 exd5 4. Nf3 Nf6 5. Bd3 Bg4 6. O-O Be7 7. Be3 O-O 8. Nbd2 Nbd7 9. b3 Re8 10. c4 Nf8 11. Qc2 c6 12. c5 Qc7 13. Ne5 Ng6 14. Nxg6 hxg6 15. h3 Bc8 16. Nf3 Nd7 17. b4 Bf6 18. a4 Nf8 19. b5 Ne6 20. Rfe1 Bd7 21. Qd2 Kh7 22. Reb1 Rh8 23. b6 axb6 24. cxb6 Qd6 25. a5 c5 26. dxc5 Nxc5 27. Qb4 Rhc8 28. Ra2 Be7 29. Bc2 Na6 30. Ng5+ Kg8 31. Qh4 Bxg5 32. Bxg5 Rc4 33. g4 f6 34. Bxg6 Be6 35. Bd2 Nc5 36. Bb4 Qf4 37. Ba3 Qe5 38. Qh7+ Kf8 39. Bd3 Bg8 40. Qh8 Rc3 41. Re2 Rxa3 42. Rxe5 fxe5 43. Bh7 Kf7 44. Bxg8+ Rxg8 45. Qh5+ Ke6 46. Qf5+ Kd6 47. Qf7 Rh8 48. Qc7+ Ke6 49. Qxc5 Raxh3 50. Kg2 e4 51. Rg1 Rh2+ 52. Kf1 R8h3 53. Qc8+ Kf6 54. Qf5+ Ke7 55. Qxd5 e3 56. fxe3 Rh6 57. Qxb7+ Ke6 58. Qc8+ Kd5 59. b7 Rc6 60. Qxc6+ 1-0

[Event "FB21 2223 SZ Seeblick Dippoldiswalde -"]
[Site "?"]
[Date "2022.10.15"]
[Round "1.2"]
[White "Peglau, Dora"]
[Black "Voigt, Anastasia"]
[Result "1-0"]
[WhiteElo "1875"]
[BlackElo "1772"]
[PlyCount "89"]
[EventDate "2022.??.??"]

1. c4 Nf6 2. Nc3 e6 3. d4 d5 4. Nf3 Be7 5. Bf4 O-O 6. e3 a6 7. c5 b6 8. b4 Bb7 9. Bd3 a5 10. a3 c6 11. O-O Nbd7 12. Qc2 h6 13. h3 b5 14. Rfc1 Nb8 15. Qb2 a4 16. Ne5 Nbd7 17. Nxb5 Nxe5 18. dxe5 cxb5 19. c6 Ba6 20. exf6 Bxf6 21. Be5 Bxe5 22. Qxe5 Rc8 23. Rc5 Qb6 24. Rac1 Rfd8 25. Qd4 Rd6 26. Rxd5 Qxd4 27. Rxd4 Rxd4 28. exd4 Kf8 29. Rc5 Ke7 30. Bxb5 Bxb5 31. Rxb5 Rxc6 32. Ra5 Rc4 33. Rxa4 Rxd4 34. Ra7+ Ke8 35. b5 Rd1+ 36. Kh2 Rb1 37. a4 Rb4 38. Ra6 Kd7 39. b6 Kc6 40. a5 g5 41. Ra7 Rf4 42. Rc7+ Kd6 43. a6 Rb4 44. a7 Rxb6 45. Rc8 1-0

[Event "FB21 2223 SZ Seeblick Dippoldiswalde -"]
[Site "?"]
[Date "2022.10.15"]
[Round "1.3"]
[White "Stowicek, Yara Mathilda"]
[Black "Peglau, Charis"]
[Result "0-1"]
[WhiteElo "1786"]
[BlackElo "1938"]
[PlyCount "50"]
[EventDate "2022.??.??"]

1. e4 c6 2. d4 d5 3. exd5 cxd5 4. Bd3 Nc6 5. c3 Nf6 6. h3 g6 7. Nf3 Bf5 8. Bf4 Qb6 9. Bxf5 gxf5 10. Qe2 Rg8 11. Nh4 O-O-O 12. Nxf5 Ne4 13. Ng3 e5 14. dxe5 Nxg3 15. Bxg3 d4 16. Qc2 d3 17. Qb3 Qc7 18. Nd2 Rxg3 19. fxg3 Qxe5+ 20. Kd1 Qe2+ 21. Kc1 Bh6 22. Rd1 Rd7 23. Qc4 Bxd2+ 24. Rxd2 Qf1+ 25. Rd1 d2+ 0-1

[Event "FB21 2223 SZ Seeblick Dippoldiswalde -"]
[Site "?"]
[Date "2022.10.15"]
[Round "1.4"]
[White "Peglau, Mirjam"]
[Black "Petersen, Sophie"]
[Result "1-0"]
[WhiteElo "1886"]
[BlackElo "1695"]
[PlyCount "80"]
[EventDate "2022.??.??"]

1. c4 e6 2. d4 d5 3. e3 a6 4. Nc3 Nf6 5. Nf3 Nbd7 6. Bd2 dxc4 7. Bxc4 b5 8. Be2 Bb7 9. Rc1 Be7 10. O-O O-O 11. a3 c5 12. Qc2 Rc8 13. Qb1 cxd4 14. Nxd4 Nc5 15. b4 Nce4 16. Nxe4 Nxe4 17. Rfd1 Qb6 18. Be1 Bg5 19. Bf3 f5 20. Ne2 Bd5 21. Rxc8 Rxc8 22. Rc1 Rc4 23. Rxc4 Bxc4 24. Qd1 Bxe2 25. Bxe2 Qc6 26. Bf3 Kf7 27. g3 Ke7 28. Kg2 Qc4 29. Bd2 Qd3 30. Bc1 Qc4 31. Bb2 Bf6 32. Bxf6+ gxf6 33. Qe2 Kd6 34. Qd1+ Kc7 35. Qe2 Kd6 36. Qb2 e5 37. Qb1 Ke6 38. g4 Nd6 39. gxf5+ Nxf5 40. Be4 Nh4+ 1-0

[Event "FB21 2223 SZ Seeblick Dippoldiswalde -"]
[Site "?"]
[Date "2022.10.15"]
[Round "1.5"]
[White "Eue, Vicky"]
[Black "Peglau, Sarah"]
[Result "0-1"]
[WhiteElo "1678"]
[BlackElo "1794"]
[PlyCount "138"]
[EventDate "2022.??.??"]

1. e4 c6 2. c4 d5 3. exd5 cxd5 4. cxd5 Nf6 5. Nc3 Nxd5 6. d4 g6 7. Bc4 Nb6 8. Bb3 Bg7 9. Nge2 O-O 10. O-O Bg4 11. f3 Bd7 12. Bg5 Na6 13. Qd2 Nc7 14. Rad1 Rc8 15. d5 Nb5 16. Bh6 Nc4 17. Bxc4 Rxc4 18. Bxg7 Kxg7 19. Kh1 Qc7 20. Qe3 Re8 21. Nxb5 Bxb5 22. Rc1 e6 23. d6 Qb6 24. Qd2 Rxc1 25. Rxc1 Bxe2 26. d7 Rd8 27. Qxe2 Rxd7 28. Qe5+ f6 29. Qe2 Qd6 30. Kg1 Qd4+ 31. Kf1 e5 32. Rc4 Qb6 33. b3 Qd6 34. Ke1 b5 35. Re4 a6 36. h3 Qa3 37. Qc2 Qa5+ 38. b4 Qb6 39. Kf1 Qd6 40. Ke1 Qb6 41. Kf1 Qd6 42. Qb2 Qd2 43. Re2 Qf4 44. Qc3 Rd1+ 45. Re1 Rd7 46. Re4 Qd2 47. Qc6 Qd6 48. Qxd6 Rxd6 49. Ke2 Kf7 50. a3 Ke6 51. g4 Rd4 52. Re3 f5 53. Rc3 e4 54. Rc7 exf3+ 55. Kxf3 Rd3+ 56. Kf4 Rxa3 57. gxf5+ gxf5 58. Rxh7 Rb3 59. Rh6+ Kd5 60. Kxf5 Rxb4 61. h4 a5 62. h5 Rh4 63. Rh8 b4 64. h6 b3 65. Ra8 Rxh6 66. Rxa5+ Kd4 67. Ra4+ Kc3 68. Ra7 Rb6 69. Rc7+ Kb4 0-1

[Event "FB21 2223 SZ Seeblick Dippoldiswalde -"]
[Site "?"]
[Date "2022.10.15"]
[Round "1.6"]
[White "Peglau, Adelheid"]
[Black "Derling, Charlotte"]
[Result "0-1"]
[WhiteElo "1302"]
[BlackElo "1569"]
[PlyCount "61"]
[EventDate "2022.??.??"]

1. e4 c5 2. c4 e6 3. Nc3 Nc6 4. g3 Nf6 5. Bg2 d6 6. d3 Bd7 7. Nge2 a6 8. Be3 Rb8 9. a4 Ne5 10. h3 b5 11. axb5 axb5 12. b3 b4 13. Na4 Bc6 14. O-O Be7 15. Qd2 O-O 16. f4 Ned7 17. Nb2 Qc7 18. Ra6 Qb7 19. Rfa1 Ra8 20. Rxa8 Rxa8 21. Rxa8+ Qxa8 22. Qc2 Nb6 23. Kh2 Nfd7 24. Kg1 f5 25. Nd1 fxe4 26. Bxe4 d5 27. Bg2 dxc4 28. Bxc6 cxb3 29. Qxb3 Qxc6 30. Nb2 Qd5 31. Bf2 0-1

[Event "FB21 2223 TuS Coswig 1920 - SG 1871 Lö"]
[Site "?"]
[Date "2022.10.15"]
[Round "1.2"]
[White "Timme, Karin"]
[Black "Berzina, Ilze"]
[Result "1/2-1/2"]
[WhiteElo "2064"]
[BlackElo "2132"]
[PlyCount "82"]
[EventDate "2022.??.??"]

1. d4 d5 2. c4 c6 3. Nc3 Nf6 4. cxd5 cxd5 5. Qb3 Nc6 6. Nf3 e6 7. Bg5 h6 8. Bh4 Be7 9. e3 O-O 10. Be2 a6 11. O-O b5 12. Rac1 Bb7 13. Rfd1 Rc8 14. a3 Na5 15. Qa2 Nc4 16. Bxf6 Bxf6 17. b3 Nd6 18. Bf1 Qa5 19. Qb2 Rc7 20. Ne2 Rfc8 21. Rxc7 Rxc7 22. Rc1 Ne4 23. Rxc7 Qxc7 24. Qc1 Qd6 25. Nf4 Bd8 26. Nd3 Bc7 27. g3 Bb6 28. b4 Qc7 29. Qxc7 Bxc7 30. Nc5 Nxc5 31. bxc5 Kf8 32. Bh3 Ba5 33. Ne5 Bc3 34. Nd3 a5 35. Bf1 Ke7 36. Ne5 f6 37. Ng6+ Kf7 38. Nh8+ Kg8 39. Ng6 Kf7 40. Nh8+ Kg8 41. Ng6 Kf7 1/2-1/2

[Event "FB21 2223 TuS Coswig 1920 - SG 1871 Lö"]
[Site "?"]
[Date "2022.10.15"]
[Round "1.3"]
[White "Otikova, Elina"]
[Black "Richter, Ulrike"]
[Result "1-0"]
[WhiteElo "2088"]
[BlackElo "1908"]
[PlyCount "101"]
[EventDate "2022.??.??"]

1. e4 c5 2. Nf3 Nc6 3. Nc3 d6 4. d4 cxd4 5. Nxd4 a6 6. Be3 Nf6 7. Be2 e5 8. Nb3 Be7 9. Nd5 Nxd5 10. exd5 Na5 11. Nd2 b5 12. b4 Nb7 13. O-O O-O 14. c4 f5 15. f4 Bf6 16. Rc1 exf4 17. Bxf4 g5 18. Be3 Qe7 19. Bf2 f4 20. c5 Bf5 21. Re1 Qg7 22. Bg4 Bd4 23. Nb3 Bxf2+ 24. Kxf2 Bxg4 25. Qxg4 dxc5 26. bxc5 Rfe8 27. d6 Rxe1 28. Rxe1 Nxc5 29. Qf3 Rc8 30. Qd5+ Qf7 31. Qxg5+ Qg7 32. Qxg7+ Kxg7 33. Nxc5 Rxc5 34. Rd1 Rc8 35. Kf3 Kf7 36. d7 Rd8 37. Kxf4 Ke7 38. Ke5 a5 39. Rd5 a4 40. Rxb5 Rxd7 41. Ra5 Rd2 42. Rxa4 Rxg2 43. h4 Kf7 44. Kf5 h5 45. Ra7+ Ke8 46. Ra8+ Ke7 47. a4 Rg4 48. a5 Rxh4 49. a6 Ra4 50. a7 Kf7 51. Rh8 1-0

[Event "FB21 2223 TuS Coswig 1920 - SG 1871 Lö"]
[Site "?"]
[Date "2022.10.15"]
[Round "1.4"]
[White "Moldenhauer, Antje"]
[Black "Ter-Avetisjana, Agnesa Stepania"]
[Result "0-1"]
[WhiteElo "1810"]
[BlackElo "2033"]
[PlyCount "58"]
[EventDate "2022.??.??"]

1. e4 c6 2. d4 d5 3. f3 Nf6 4. Nc3 e6 5. Bf4 Be7 6. Qd3 a6 7. Nge2 O-O 8. Bg3 b5 9. Nf4 b4 10. Na4 Nfd7 11. O-O-O Bb7 12. Kb1 Qa5 13. b3 dxe4 14. fxe4 e5 15. dxe5 Nxe5 16. Qe3 Nbd7 17. Be2 Rad8 18. Rhf1 Nf6 19. Nd3 Ng6 20. Rf5 c5 21. Bf3 Bc8 22. Naxc5 Bxf5 23. exf5 Nd5 24. Bxd5 Rxd5 25. fxg6 Bxc5 26. gxh7+ Kh8 27. Qf3 Be7 28. Re1 Bf6 29. Nf4 Qa3 0-1

[Event "FB21 2223 TuS Coswig 1920 - SG 1871 Lö"]
[Site "?"]
[Date "2022.10.15"]
[Round "1.5"]
[White "Giebel, Christine"]
[Black "Gebhardt, Christine"]
[Result "0-1"]
[WhiteElo "1844"]
[BlackElo "1722"]
[PlyCount "82"]
[EventDate "2022.??.??"]

1. e4 e6 2. d4 d5 3. Nc3 Nf6 4. e5 Nfd7 5. f4 c5 6. Nf3 Nc6 7. Ne2 a6 8. c3 Be7 9. Be3 b5 10. g3 a5 11. Bg2 Ba6 12. O-O b4 13. Re1 Qb6 14. Qd2 a4 15. dxc5 Bxc5 16. Ned4 Na5 17. Qf2 Nc4 18. Bf1 Nxe3 19. Qxe3 Bxf1 20. Kxf1 bxc3 21. bxc3 Qa6+ 22. Qe2 Qxe2+ 23. Kxe2 O-O 24. Rab1 Rfb8 25. Nc6 Rc8 26. Rb7 Rxc6 27. Rxd7 Rb8 28. Nd4 Bxd4 29. cxd4 Rc2+ 30. Kf3 Rxa2 31. Rc1 h5 32. f5 Rb3+ 33. Kf4 Rf2+ 34. Kg5 Rxf5+ 35. Kh4 Rb2 36. h3 Rd2 37. Rc8+ Kh7 38. Rdd8 Rxd4+ 39. g4 Kg6 40. Kg3 hxg4 41. hxg4 Rxe5 0-1

[Event "FB21 2223 SC Leipzig-Lindenau - SC Roch"]
[Site "?"]
[Date "2022.10.15"]
[Round "1.1"]
[White "Wagner, Victoria"]
[Black "Weimert, Miriam"]
[Result "0-1"]
[WhiteElo "1801"]
[BlackElo "1921"]
[PlyCount "62"]
[EventDate "2022.??.??"]

1. e4 Nc6 2. Nf3 d5 3. exd5 Qxd5 4. Nc3 Qa5 5. d4 Bg4 6. Be2 O-O-O 7. Be3 Nf6 8. O-O e5 9. Ng5 Be6 10. Nxe6 fxe6 11. Nb5 a6 12. Bd2 Qb6 13. dxe5 Ne4 14. Be3 Rxd1 15. Bxb6 Rxf1+ 16. Kxf1 cxb6 17. Bd3 Nc5 18. Nc3 Nxd3 19. cxd3 Nxe5 20. Re1 Nxd3 21. Rxe6 Bc5 22. Na4 Kd7 23. Nxc5+ bxc5 24. Rb6 Kc7 25. Rb3 Rd8 26. Rc3 Kc6 27. b3 Nf4 28. f3 Rd2 29. g3 Nd5 30. Rc1 Rxa2 31. h4 Rb2 0-1

[Event "FB21 2223 SC Leipzig-Lindenau - SC Roch"]
[Site "?"]
[Date "2022.10.15"]
[Round "1.2"]
[White "Spangenberg, Romy"]
[Black "Wagner, Margarethe"]
[Result "1/2-1/2"]
[WhiteElo "1852"]
[BlackElo "1930"]
[PlyCount "82"]
[EventDate "2022.??.??"]

1. e4 c5 2. Nf3 d6 3. d4 cxd4 4. Nxd4 Nf6 5. Nc3 a6 6. Be2 e5 7. Nb3 Be7 8. Bg5 Nbd7 9. Bxf6 Nxf6 10. Bc4 O-O 11. O-O b5 12. Bd5 Nxd5 13. Nxd5 Bg5 14. a4 bxa4 15. Rxa4 Bd7 16. Ra1 a5 17. Nd2 a4 18. b3 axb3 19. Rxa8 Qxa8 20. cxb3 Bb5 21. Nc7 Qc6 22. Nxb5 Qxb5 23. Nc4 Rd8 24. Qf3 Be7 25. Rd1 g6 26. Rd5 Qc6 27. Qd1 Kg7 28. h3 f6 29. Qd3 Qc7 30. b4 Rc8 31. Nxd6 Qc1+ 32. Qd1 Bxd6 33. Rxd6 Qa3 34. Rd7+ Kh6 35. Qd2+ g5 36. h4 Qc1+ 37. Qxc1 Rxc1+ 38. Kh2 gxh4 39. b5 Rb1 40. Rb7 Rb3 41. b6 Kg5 1/2-1/2

[Event "FB21 2223 SC Leipzig-Lindenau - SC Roch"]
[Site "?"]
[Date "2022.10.15"]
[Round "1.3"]
[White "von Erichsen, Annegret"]
[Black "Herbrig, Marie-Helen"]
[Result "0-1"]
[WhiteElo "1994"]
[BlackElo "1871"]
[PlyCount "62"]
[EventDate "2022.??.??"]

1. Nc3 Nf6 2. e4 d6 3. f4 c5 4. Nf3 Nc6 5. Bc4 e6 6. d3 Be7 7. O-O a6 8. a4 O-O 9. Bb3 Rb8 10. h3 b5 11. axb5 axb5 12. g4 Na5 13. Ba2 Qc7 14. Qe1 Nc6 15. f5 Nb4 16. Bb3 Bd7 17. e5 dxe5 18. Nxe5 Nfd5 19. Nxd7 Qxd7 20. fxe6 fxe6 21. Nxd5 exd5 22. Bd2 Rxf1+ 23. Kxf1 Nc6 24. Ra6 Re8 25. c4 dxc4 26. dxc4 Qd3+ 27. Kg2 Nd4 28. Bd1 Rf8 29. Ra3 Qxc4 30. Qxe7 Qf1+ 31. Kg3 Qf2# 0-1

[Event "FB21 2223 SC Leipzig-Lindenau - SC Roch"]
[Site "?"]
[Date "2022.10.15"]
[Round "1.4"]
[White "Lowke, Kathrin"]
[Black "Skibbe, Diana"]
[Result "1/2-1/2"]
[WhiteElo "1814"]
[BlackElo "1972"]
[PlyCount "47"]
[EventDate "2022.??.??"]

1. e4 e5 2. Nf3 d6 3. Bc4 Be7 4. O-O Nf6 5. Re1 O-O 6. c3 c6 7. Bb3 Bg4 8. d4 Nbd7 9. Nbd2 Qc7 10. h3 Bh5 11. Nf1 Bg6 12. Ng3 Rfe8 13. c4 exd4 14. Nxd4 Bf8 15. Bc2 Nc5 16. Qf3 Qa5 17. Bf4 Nfd7 18. a3 Qd8 19. Rad1 Qf6 20. b4 Ne6 21. Ngf5 Nxd4 22. Nxd4 Ne5 23. Bxe5 Qxe5 24. Qe3 1/2-1/2

[Event "FB21 2223 SC Leipzig-Lindenau - SC Roch"]
[Site "?"]
[Date "2022.10.15"]
[Round "1.5"]
[White "Dietrich, Mareike"]
[Black "Spangenberg, Pia"]
[Result "1-0"]
[WhiteElo "1756"]
[BlackElo "1805"]
[PlyCount "71"]
[EventDate "2022.??.??"]

1. e4 d5 2. exd5 Nf6 3. d4 Nxd5 4. Nf3 Bg4 5. c4 Nb6 6. c5 Nd5 7. Qb3 b6 8. Bc4 c6 9. Ne5 Be6 10. Nc3 Nxc3 11. Bxe6 fxe6 12. bxc3 Qd5 13. cxb6 axb6 14. Qxb6 Qxg2 15. Rf1 Qd5 16. Qb7 c5 17. Qc8+ Qd8 18. Qxd8+ Kxd8 19. Nf7+ Kd7 20. Nxh8 cxd4 21. Nf7 dxc3 22. Ne5+ Kd6 23. f4 Na6 24. Ba3+ Kd5 25. O-O-O+ Ke4 26. Nd7 Nc7 27. Bb4 Nd5 28. Rde1+ Kd4 29. Bc5+ Kc4 30. a3 g6 31. Rxe6 Bh6 32. Re4+ Kb5 33. Bb4 Bxf4+ 34. Rfxf4 Nxf4 35. Rxf4 Rd8 36. Ne5 1-0

[Event "FB21 2223 SC Leipzig-Lindenau - SC Roch"]
[Site "?"]
[Date "2022.10.15"]
[Round "1.6"]
[White "Lorenz, Nicole"]
[Black "Riemer-Nlula, Marion"]
[Result "0-1"]
[WhiteElo "1874"]
[BlackElo "1821"]
[PlyCount "48"]
[EventDate "2022.??.??"]

1. e4 d5 2. exd5 Nf6 3. d4 Nxd5 4. c4 Nb6 5. h3 Nc6 6. Nf3 Bf5 7. Be2 e6 8. a3 Be7 9. O-O Bf6 10. Be3 Qd7 11. Qd2 Be4 12. c5 Bxf3 13. Bxf3 Nc4 14. Qc3 Nxe3 15. fxe3 Nxd4 16. Qb4 Nxf3+ 17. Rxf3 Qc6 18. Nc3 O-O 19. Rc1 Rad8 20. Ne2 Rd7 21. Kh1 Rfd8 22. Rcf1 Rd5 23. Rc1 Rd1+ 24. Rf1 R1d2 0-1

[Event "FB21 2223 SC Rotation Pankow - SG Leipz"]
[Site "?"]
[Date "2022.10.15"]
[Round "1.1"]
[White "Beltz, Franziska"]
[Black "Goehler, Antje"]
[Result "1-0"]
[WhiteElo "2069"]
[BlackElo "2102"]
[PlyCount "65"]
[EventDate "2022.??.??"]

1. e4 c5 2. Nf3 d6 3. d4 cxd4 4. Nxd4 Nf6 5. Nc3 a6 6. Bg5 e6 7. Qe2 Be7 8. f4 Nbd7 9. O-O-O Qc7 10. g4 b5 11. a3 Bb7 12. Bxf6 gxf6 13. f5 e5 14. Nf3 Nb6 15. Qe3 Rc8 16. Rd2 d5 17. Nxd5 Nxd5 18. exd5 Bxd5 19. Bg2 Bc5 20. Qc3 Bxf3 21. Qxf3 b4 22. axb4 Bxb4 23. Re2 Qa5 24. Kb1 O-O 25. g5 fxg5 26. f6 e4 27. Qh5 Rfe8 28. Bxe4 Rxe4 29. Rxe4 Bf8 30. h4 h6 31. hxg5 Qd2 32. Re2 Qf4 33. gxh6 1-0

[Event "FB21 2223 SC Rotation Pankow - SG Leipz"]
[Site "?"]
[Date "2022.10.15"]
[Round "1.2"]
[White "Burchardt, Brigitte"]
[Black "Gempe, Anet"]
[Result "1/2-1/2"]
[WhiteElo "2057"]
[BlackElo "1953"]
[PlyCount "52"]
[EventDate "2022.??.??"]

1. e4 e6 2. d4 d5 3. exd5 exd5 4. Bd3 Bd6 5. Ne2 Ne7 6. Bg5 f6 7. Bf4 O-O 8. c3 c6 9. Qc2 g6 10. Nd2 Bf5 11. O-O-O b5 12. h4 b4 13. Bxf5 Nxf5 14. g4 Ng7 15. c4 Re8 16. Bxd6 Qxd6 17. c5 Qc7 18. Nf3 b3 19. axb3 Na6 20. Qd2 Rxe2 21. Qxe2 Qa5 22. Nd2 Nb4 23. Rde1 Qa1+ 24. Nb1 Na2+ 25. Kc2 Nb4+ 26. Kc1 Na2+ 1/2-1/2

[Event "FB21 2223 SC Rotation Pankow - SG Leipz"]
[Site "?"]
[Date "2022.10.15"]
[Round "1.3"]
[White "Beltz, Martina"]
[Black "Wagner-Michel, Annett"]
[Result "1/2-1/2"]
[WhiteElo "1911"]
[BlackElo "2007"]
[PlyCount "23"]
[EventDate "2022.??.??"]

1. d4 d5 2. Nf3 Nf6 3. e3 e6 4. Bd3 c5 5. b3 Nc6 6. a3 Bd6 7. Bb2 b6 8. Nbd2 O-O 9. O-O Qc7 10. c4 cxd4 11. exd4 Bb7 12. Rc1 1/2-1/2

[Event "FB21 2223 SC Rotation Pankow - SG Leipz"]
[Site "?"]
[Date "2022.10.15"]
[Round "1.4"]
[White "Jahn, Constanze"]
[Black "Just, Gabriele"]
[Result "1-0"]
[WhiteElo "2037"]
[BlackElo "1832"]
[PlyCount "65"]
[EventDate "2022.??.??"]

1. e4 e6 2. d3 d5 3. Nd2 Nc6 4. g3 Bc5 5. Bg2 a5 6. c3 dxe4 7. Nxe4 Be7 8. d4 Nf6 9. Ne2 e5 10. Nxf6+ Bxf6 11. d5 Nb8 12. c4 Bg4 13. f3 Bh5 14. O-O Nd7 15. Be3 Qe7 16. Qd2 O-O 17. g4 Bg6 18. g5 Bxg5 19. Bxg5 Qc5+ 20. Be3 Qxc4 21. Rfc1 Qd3 22. Rxc7 Rfd8 23. Qxd3 Bxd3 24. Nc3 Rab8 25. Rd1 Bf5 26. Ba7 Rbc8 27. Rxb7 Nf8 28. Bb6 Rd6 29. Bxa5 Ng6 30. Bb4 Rf6 31. d6 Rd8 32. d7 Nf8 33. Be7 1-0

[Event "FB21 2223 SC Rotation Pankow - SG Leipz"]
[Site "?"]
[Date "2022.10.15"]
[Round "1.5"]
[White "Oswald, Lena"]
[Black "Wolf, Sylvia"]
[Result "1-0"]
[WhiteElo "1795"]
[BlackElo "2037"]
[PlyCount "45"]
[EventDate "2022.??.??"]

1. e4 c5 2. Nf3 d6 3. d4 cxd4 4. Nxd4 Nf6 5. Nc3 a6 6. Bg5 e6 7. f4 b5 8. e5 dxe5 9. fxe5 Qc7 10. exf6 Qe5+ 11. Be2 Qxg5 12. O-O Bc5 13. Kh1 Nd7 14. Ne4 Qe5 15. fxg7 Rg8 16. Nxc5 Qxc5 17. Bf3 Ra7 18. Nc6 Rc7 19. b4 Qg5 20. Qd6 Rb7 21. Bh5 Nb6 22. Rad1 Bd7 23. Bxf7# 1-0

[Event "FB21 2223 SC Rotation Pankow - SG Leipz"]
[Site "?"]
[Date "2022.10.15"]
[Round "1.6"]
[White "Mai, Iris"]
[Black "Oswald, Hannah"]
[Result "1/2-1/2"]
[WhiteElo "2004"]
[BlackElo "1746"]
[PlyCount "61"]
[EventDate "2022.??.??"]

1. d4 d5 2. c4 dxc4 3. Nc3 Nf6 4. Nf3 e6 5. e3 Be7 6. Bxc4 O-O 7. O-O c5 8. a3 a5 9. b3 Nc6 10. dxc5 Bxc5 11. Bb2 Qe7 12. Na4 Ba7 13. Ne5 Nxe5 14. Bxe5 Rd8 15. Qf3 Bb8 16. Bxb8 Rxb8 17. Nb6 Qc7 18. Nxc8 Rbxc8 19. a4 Qb6 20. Rad1 h6 21. h3 Nd7 22. Bb5 Nc5 23. e4 Rxd1 24. Rxd1 Rd8 25. e5 Qc7 26. Rxd8+ Qxd8 27. Qe3 b6 28. Kh2 Qc7 29. f4 Qd8 30. Bc4 Qd1 31. g4 1/2-1/2

[Event "FB21 2223 SG 1871 Löberitz - SZ Seebli"]
[Site "?"]
[Date "2022.10.16"]
[Round "2.1"]
[White "Browning, Rebecca"]
[Black "Reizniece-Ozola, Dana"]
[Result "0-1"]
[WhiteElo "1923"]
[BlackElo "2279"]
[PlyCount "72"]
[EventDate "2022.??.??"]

1. e4 g6 2. d4 Bg7 3. Nc3 d6 4. Be3 a6 5. Qd2 b5 6. h4 h5 7. Nh3 Bxh3 8. Rxh3 Nf6 9. f3 Nbd7 10. Be2 Qc8 11. Nd1 c5 12. Nf2 cxd4 13. Bxd4 Ne5 14. Bxe5 dxe5 15. Qd3 O-O 16. O-O-O Qc5 17. Rf1 Rad8 18. Qc3 Qb6 19. g4 b4 20. Qb3 a5 21. a4 Qd4 22. Qd3 Qb6 23. Qb3 Nd7 24. Kb1 Nc5 25. Qe3 Nxa4 26. Qxb6 Nxb6 27. gxh5 Rd2 28. Re1 Rc8 29. Bd3 Rxf2 30. hxg6 b3 31. gxf7+ Kxf7 32. cxb3 Rd2 33. f4 exf4 34. e5 Ke6 35. Re2 Rd1+ 36. Ka2 Rcc1 0-1

[Event "FB21 2223 SG 1871 Löberitz - SZ Seebli"]
[Site "?"]
[Date "2022.10.16"]
[Round "2.2"]
[White "Berzina, Ilze"]
[Black "Peglau, Dora"]
[Result "1-0"]
[WhiteElo "2132"]
[BlackElo "1875"]
[PlyCount "79"]
[EventDate "2022.??.??"]

1. e4 c6 2. Nc3 d5 3. Nf3 dxe4 4. Nxe4 Nd7 5. Bc4 Ngf6 6. Neg5 e6 7. Qe2 Nd5 8. d4 h6 9. Ne4 Qc7 10. O-O b6 11. Bb3 N7f6 12. Ne5 Nxe4 13. Qxe4 Bb7 14. Re1 O-O-O 15. Qf3 f6 16. Ng6 Rg8 17. Rxe6 Bd6 18. c4 Ne7 19. Nxe7+ Bxe7 20. Bf4 Qd7 21. c5 Rge8 22. Rae1 bxc5 23. dxc5 Bxc5 24. Qh3 Rf8 25. Rxc6+ Bxc6 26. Be6 Rfe8 27. Bxd7+ Bxd7 28. Qc3 Rxe1+ 29. Qxe1 Kb7 30. h3 Bc6 31. b4 Bb6 32. Qe7+ Rd7 33. Qf8 Bc7 34. Bxc7 Kxc7 35. Qc5 Kb7 36. b5 Bd5 37. a4 h5 38. a5 Kb8 39. f3 Kb7 40. Kf2 1-0

[Event "FB21 2223 SG 1871 Löberitz - SZ Seebli"]
[Site "?"]
[Date "2022.10.16"]
[Round "2.3"]
[White "Peglau, Charis"]
[Black "Otikova, Elina"]
[Result "1-0"]
[WhiteElo "1938"]
[BlackElo "2088"]
[PlyCount "93"]
[EventDate "2022.??.??"]

1. d4 d5 2. c4 e6 3. Nc3 Nf6 4. Nf3 Bb4 5. e3 O-O 6. a3 Bxc3+ 7. bxc3 b6 8. cxd5 exd5 9. Bd3 c5 10. O-O Ba6 11. Bxa6 Nxa6 12. a4 Ne4 13. Qd3 c4 14. Qc2 Nc7 15. Ne5 Re8 16. f3 Nd6 17. Bd2 f6 18. Ng4 Qd7 19. h3 Re7 20. Rae1 Rae8 21. Bc1 h5 22. Nf2 Nf5 23. Nd1 Ng3 24. Rf2 f5 25. Qa2 Kh8 26. f4 Re6 27. Rf3 Rg6 28. Kh2 h4 29. Nf2 Ne6 30. Nh1 Ne4 31. Qc2 Nd8 32. Ba3 Nc6 33. g3 hxg3+ 34. Nxg3 Rxg3 35. Rxg3 Nxg3 36. Kxg3 Qf7 37. Kh2 Re6 38. Qg2 Rg6 39. Qf3 Qe6 40. Rb1 Rh6 41. Rb5 Ne7 42. Bxe7 Qxe7 43. Rxd5 Qa3 44. Rxf5 Qb2+ 45. Qg2 Qxc3 46. Rf7 Rxh3+ 47. Kxh3 1-0

[Event "FB21 2223 SG 1871 Löberitz - SZ Seebli"]
[Site "?"]
[Date "2022.10.16"]
[Round "2.4"]
[White "Ter-Avetisjana, Agnesa Stepania"]
[Black "Peglau, Mirjam"]
[Result "1-0"]
[WhiteElo "2033"]
[BlackElo "1886"]
[PlyCount "117"]
[EventDate "2022.??.??"]

1. e4 c6 2. Nf3 d5 3. exd5 cxd5 4. Ne5 Nc6 5. d4 Bd7 6. c3 Nxe5 7. dxe5 e6 8. Bd3 Ne7 9. O-O Qb6 10. Qe2 Nc6 11. Nd2 a6 12. Nb3 Be7 13. Be3 Qc7 14. f4 g6 15. Qf2 b5 16. Bb6 Qb7 17. Bc5 O-O 18. Bxe7 Nxe7 19. Qh4 Nf5 20. Bxf5 exf5 21. Rad1 Rad8 22. Rf3 Qb6+ 23. Kh1 Bc8 24. Nd4 f6 25. exf6 Qxf6 26. Qxf6 Rxf6 27. Re3 Rfd6 28. Rde1 Bd7 29. Kg1 Rf8 30. Kf2 Rf7 31. Re5 Kg7 32. Nf3 h6 33. Ke3 Kf6 34. Kd4 Be6 35. Kc5 Rfd7 36. Nd4 Bf7 37. h3 Rd8 38. Nc6 R8d7 39. Rd1 g5 40. g3 gxf4 41. gxf4 Re6 42. Rdxd5 Rxd5+ 43. Rxd5 Re2 44. Rd6+ Kg7 45. Nd4 Rxb2 46. Nxf5+ Kh7 47. Rxh6+ Kg8 48. Rxa6 Bxa2 49. Nd4 Bc4 50. f5 Rh2 51. Rh6 Kg7 52. Rh5 Bf1 53. h4 Rh3 54. Kb4 Bd3 55. Rg5+ Kh6 56. f6 Rxh4 57. f7 Kxg5 58. f8=Q Re4 59. Qf3 1-0

[Event "FB21 2223 SG 1871 Löberitz - SZ Seebli"]
[Site "?"]
[Date "2022.10.16"]
[Round "2.5"]
[White "Peglau, Sarah"]
[Black "Giebel, Christine"]
[Result "1/2-1/2"]
[WhiteElo "1794"]
[BlackElo "1844"]
[PlyCount "68"]
[EventDate "2022.??.??"]

1. e4 e6 2. d4 d5 3. Nc3 Nf6 4. e5 Nfd7 5. Nce2 c5 6. c3 Nc6 7. f4 Be7 8. Nf3 b5 9. g3 c4 10. Bh3 g6 11. g4 h5 12. Be3 Nb6 13. Ng5 h4 14. Qd2 Bxg5 15. fxg5 Qe7 16. O-O Bb7 17. Rf3 O-O-O 18. Raf1 Rdf8 19. Nf4 Nd8 20. Qf2 Rfg8 21. Bg2 Rh7 22. Rh3 Rgh8 23. Bf3 b4 24. cxb4 Qxb4 25. Qc2 Kb8 26. Ng2 Bc6 27. Bf2 Ba4 28. Qc3 Qe7 29. Qd2 Bb5 30. Rc1 Nc6 31. Be2 Nb4 32. a3 Nd3 33. Bxd3 cxd3 34. Nf4 Qxg5 1/2-1/2

[Event "FB21 2223 SG 1871 Löberitz - SZ Seebli"]
[Site "?"]
[Date "2022.10.16"]
[Round "2.6"]
[White "Schuster, Rebekka"]
[Black "Peglau, Adelheid"]
[Result "1-0"]
[WhiteElo "1815"]
[BlackElo "1302"]
[PlyCount "97"]
[EventDate "2022.??.??"]

1. e4 c6 2. d4 d5 3. Nc3 dxe4 4. Nxe4 Bf5 5. Ng3 Bg6 6. h4 h5 7. Nf3 Nd7 8. Bd3 Bxd3 9. Qxd3 e6 10. Bd2 Ngf6 11. O-O-O Bd6 12. Ng5 Qc7 13. Ne2 Nb6 14. g3 Nbd5 15. c4 Bb4 16. cxd5 Bxd2+ 17. Rxd2 cxd5+ 18. Rc2 Qd7 19. Kb1 Ng4 20. Nf4 Nf6 21. Rhc1 O-O 22. Nxh5 Ne4 23. Nxe4 dxe4 24. Qxe4 Rfd8 25. Rc4 b5 26. Rc5 Qxd4 27. Qxd4 Rxd4 28. Rc8+ Rxc8 29. Rxc8+ Kh7 30. Kc2 a6 31. Rc7 Kg6 32. Nf4+ Kf6 33. Rc6 a5 34. Rc5 e5 35. Ne2 Re4 36. Nc3 Re1 37. Rxb5 a4 38. Ra5 Kf5 39. Rxa4 e4 40. Kd2 Rf1 41. Nxe4 Kg4 42. Ke2 Rc1 43. Kd2 Rc7 44. Ng5+ Kh5 45. Kd3 f6 46. Ne6 Re7 47. Nf4+ Kh6 48. Ra5 Rd7+ 49. Rd5 1-0